[Event "2-minute exhibition game"]
[Site "Pocatello, ID"]
[Date "2009.09.27"]
[Round "0"]
[White "Abernathy, Caleb Patrick"]
[Black "Kircher, Caleb Paul"]
[Result "0-1"]
[WhiteElo "1364"]
[BlackElo "1557"]

1. e4 c5 2. Nf3 Nc6 3. g3 d6 4. Bg2 Bg4 5. O-O Qc8 6. d3 g6 7. Bf4 Bg7 8. c3
Nf6 9. Nbd2 Nd7 10. Qc2 e5 11. Be3 Nb6 12. Ng5 O-O 13. d4 exd4 14. cxd4 Nb4
15. Qc3 h6 16. Ngf3 Nc6 17. Qc2 cxd4 18. Bxd4 Nxd4 19. Qxc8 Raxc8 20. Nxd4
Bxd4 21. Rab1 Na4 22. b3 Nc3 23. Rbe1 Ne2+ 24. Kh1 Rc2 25. f3 Rxd2 26. fxg4
Rc8 27. Bf3 Rcc2 28. Bxe2 Rxe2 29. Rxe2 Rxe2 30. Rd1 Bc5 {#R} 0-1

[Event "Idaho Closed"]
[Site "Boise, ID"]
[Date "2010.02.13"]
[Round "1.3"]
[White "Evers, Jason"]
[Black "Abernathy, Caleb Patrick"]
[Result "1-0"]
[WhiteElo "1887"]
[BlackElo "1334"]

1. e4 e5 2. f4 d5 3. exd5 Qf6 4. Qe2 Bd6 5. d4 e4 6. Qxe4+ Qe7 7. Nc3 Bf5 8.
Qxe7+ Nxe7 9. Bb5+ Nd7 10. Ba4 a6 11. Nge2 b5 12. Bb3 O-O 13. O-O Nb6 14. Ng3
Rfe8 15. Bd2 Rab8 16. Rae1 Bg4 17. h3 Bd7 18. Nge4 b4 19. Nd1 Nbxd5 20. c4
bxc3 21. bxc3 Be6 22. c4 Nb4 23. c5 Bxb3 24. cxd6 Nf5 25. dxc7 Nc2 26. cxb8=Q
Rxb8 27. axb3 Nxe1 28. Rxe1 Nxd4 29. Nc5 h6 30. Ne3 Nxb3 31. Rb1 Rd8 32. Nxb3
{#r} 1-0

[Event "Idaho Closed"]
[Site "Boise, ID"]
[Date "2010.02.13"]
[Round "1.13"]
[White "Myers, Hugh S"]
[Black "Abernathy, Michaela R"]
[Result "1/2-1/2"]
[WhiteElo "1563"]
[BlackElo "887"]

1. e4 e5 2. f4 d5 3. Nc3 d4 4. Nce2 f6 5. d3 Nc6 6. Nf3 Bg4 7. Ng3 Bd6 8. Be2
exf4 9. Nf5 Bxf5 10. exf5 Qd7 11. Nh4 Nge7 12. Bh5+ Kd8 13. O-O g6 14. fxg6
hxg6 15. Nxg6 Nxg6 16. Bxg6 f3 17. g3 Qh3 18. Qd2 Bxg3 19. Rxf3 Bxh2+ 20. Kf2
Qh4+ 21. Kf1 Ne5 22. Be4 Nxf3 23. Bxf3 Qh3+ 24. Bg2 Qg3 25. Qf2 Qxf2+ 26. Kxf2
c6 27. Bd2 Be5 28. c3 dxc3 29. bxc3 Kc7 30. d4 Bd6 31. c4 c5 32. Be3 cxd4 33.
Bxd4 Rhf8 34. c5 Be5 35. Ke3 Rad8 36. Bxe5+ fxe5 37. Rb1 b6 38. cxb6+ axb6 39.
Rc1+ Kd6 40. Rc6+ Ke7 41. Rxb6 Rd4 42. Rb5 Ke6 43. Bh3+ Kd6 44. Rb6+ Kc5 45.
Ra6 Rff4 46. Ra5+ Kd6 47. Ra6+ Kc5 48. Ra5+ Kd6 49. Ra6+ Kc5 50. Ra5+ Kd6 {#d}
1/2-1/2

[Event "Idaho Closed"]
[Site "Boise, ID"]
[Date "2010.02.13"]
[Round "2.10"]
[White "Abernathy, Michaela R"]
[Black "Buckendorf Jr., Glen"]
[Result "0-1"]
[WhiteElo "887"]
[BlackElo "1800"]

1. d4 d5 2. Nf3 Nf6 3. e3 Bf5 4. b3 e6 5. Bb2 Nbd7 6. Nbd2 Bd6 7. Nh4 Bg6 8.
Nxg6 hxg6 9. Bd3 c6 10. Nf3 Qc7 11. c3 O-O-O 12. Qc2 Bxh2 13. c4 dxc4 14. Bxc4
Nb6 15. O-O-O Nxc4 16. Qxc4 Bd6 17. Rde1 Rxh1 18. Rxh1 Ne4 19. Rf1 Qa5 20. Kb1
g5 21. Qd3 f5 22. Qe2 g4 23. Ne5 Bxe5 24. dxe5 Nd2+ 25. Ka1 Nxb3+ 26. Kb1 Nd2+
27. Ka1 Nxf1 28. Qxf1 Qd2 29. Bd4 Qc2 30. f4 c5 31. Qb1 Qxb1+ 32. Kxb1 cxd4
33. exd4 Rxd4 34. Kc2 Rxf4 35. Kd3 Rf2 36. Ke3 Rxg2 37. Kf4 Rxa2 38. Kg5 g3
39. Kg6 g2 40. Kxg7 g1=Q+ 41. Kf6 f4 42. Kxe6 f3 43. Kd6 f2 44. e6 Qg6 45. Kd5
f1=Q 46. e7 Qff5+ 47. Kd4 Qgg4+ 48. Kc3 Qff3# 0-1

[Event "Idaho Closed"]
[Site "Boise, ID"]
[Date "2010.02.13"]
[Round "2.14"]
[White "Abernathy, Caleb Patrick"]
[Black "Featherston, Scott"]
[Result "1-0"]
[WhiteElo "1334"]
[BlackElo "815"]

1. e4 e5 2. Nf3 Nc6 3. Bc4 Nf6 4. Ng5 d5 5. exd5 Nxd5 6. Nxf7 Kxf7 7. Qf3+ Qf6
8. Bxd5+ Ke8 9. Bxc6+ bxc6 10. Qxf6 gxf6 11. O-O Bf5 12. d3 Bd6 13. f4 e4 14.
Re1 Bg6 15. dxe4 Kd7 16. Nc3 Rhg8 17. Be3 Rge8 18. f5 Bf7 19. Rad1 Ke7 20. Bd4
c5 21. Nd5+ Bxd5 22. exd5+ Kf7 23. Bc3 Rg8 24. Re6 Be7 25. Ba5 Rac8 26. Ra6
Bd6 27. Re1 Rg5 28. Bc3 Rxf5 29. Rf1 Rxf1+ 30. Kxf1 Ra8 31. Kf2 Kg6 32. Ra4 f5
33. g4 f4 34. Kf3 Kg5 35. Bd2 h6 36. Bxf4+ Bxf4 37. Rxf4 Rd8 38. Rf5+ Kh4 39.
Rh5# 1-0

[Event "Idaho Closed"]
[Site "Boise, ID"]
[Date "2010.02.14"]
[Round "3.7"]
[White "Abernathy, Caleb Patrick"]
[Black "Baggett, Jeff M"]
[Result "1-0"]
[WhiteElo "1334"]
[BlackElo "1801"]

1. e4 c5 2. Nf3 e6 3. c3 Nc6 4. Bb5 Qc7 5. d4 cxd4 6. cxd4 Nf6 7. Nc3 Be7 8.
d5 exd5 9. exd5 Ne5 10. Bf4 Nxf3+ 11. Qxf3 Qc5 12. O-O O-O 13. Rfe1 Bd8 14.
Rac1 a6 15. Ba4 Qa7 16. Qg3 b5 17. Bc2 Bb7 18. Bh6 Nh5 19. Qg4 g6 20. Bxf8 Nf6
21. Qf4 Kxf8 22. d6 Nh5 23. Qh6+ Ng7 24. Qxh7 f5 25. Qh8+ Kf7 26. Bb3+ Kf6 27.
Qf8+ Kg5 28. Qxg7 Qb6 29. h4+ Kxh4 30. Qh6+ Kg4 31. Bd1+ {#r} 1-0

[Event "Idaho Closed"]
[Site "Boise, ID"]
[Date "2010.02.14"]
[Round "3.17"]
[White "Looney, Daniel S"]
[Black "Abernathy, Michaela R"]
[Result "1-0"]
[WhiteElo "1606"]
[BlackElo "887"]

1. e4 e5 2. Nf3 Nc6 3. d4 exd4 4. Nxd4 Nxd4 5. Qxd4 c5 6. Qa4 b6 7. Bc4 Bb7 8.
O-O Bd6 9. Qb3 Qe7 10. Re1 Qf6 11. e5 Bxe5 12. f4 Ne7 13. Rxe5 O-O 14. Qe3 Nf5
15. Qd3 Nd6 16. Bd5 Bxd5 17. Rxd5 c4 18. Qd4 Qxd4+ 19. Rxd4 Nf5 20. Rxd7 Rfe8
21. Bd2 Re2 22. Nc3 Re6 23. Rd1 Rc6 24. Nd5 b5 25. Ne7+ Nxe7 26. Rxe7 Rf8 27.
Bb4 Rf6 28. Re4 Rc8 29. Red4 h6 30. Rd8+ Rxd8 31. Rxd8+ Kh7 32. g3 Re6 33. Kf2
Kg6 34. Rd6 Rxd6 35. Bxd6 Kf5 36. Kf3 g5 37. fxg5 hxg5 38. h3 f6 39. Ke3 Ke6
40. Bb8 Kd5 41. Kf3 a5 42. h4 gxh4 43. gxh4 Ke6 44. Ke4 a4 45. Kd4 f5 46. Kc5
b4 47. Kxb4 Kd5 48. h5 Ke4 49. h6 f4 50. Bxf4 Kxf4 51. h7 Kg5 52. h8=Q a3 53.
Kxc4 axb2 54. Qxb2 Kh5 55. Qg7 Kh4 56. Kd4 Kh5 57. Ke4 Kh4 58. Kf4 Kh5 59.
Qg5# 1-0

[Event "Idaho Closed"]
[Site "Boise, ID"]
[Date "2010.02.14"]
[Round "4.8"]
[White "Douglas, Kurt P"]
[Black "Abernathy, Caleb Patrick"]
[Result "1-0"]
[WhiteElo "1738"]
[BlackElo "1334"]

1. e4 e5 2. Nf3 Nc6 3. Bb5 a6 4. Ba4 b5 5. Bb3 d6 6. h3 Be6 7. c3 Na5 8. Bc2
g6 9. O-O Qd7 10. d4 f6 11. Nbd2 Bh6 12. Nh2 Ne7 13. d5 Bf7 14. Ng4 Bg7 15.
Nf3 h5 16. Ne3 Bh6 17. a4 O-O 18. Qe2 c6 19. b4 Nb7 20. Rd1 Bf4 21. Bb3 c5 22.
Bc2 c4 23. a5 g5 24. Nh2 Bg6 25. Rf1 Kf7 26. Bd2 Rh8 27. Rad1 Rag8 28. Rfe1
Rg7 29. Qf1 Ng8 30. g3 Nh6 31. Kh1 Ng4 32. gxf4 gxf4 33. Nf5 Bxf5 34. exf5 Nh6
35. Qe2 Nxf5 36. Rg1 Nh4 37. Rxg7+ Kxg7 38. Rg1+ Kf7 39. Qf1 f5 40. Rg5 Qc8
41. Qg1 Rg8 42. Rxg8 Qxg8 43. Qxg8+ Kxg8 44. Bd1 Kg7 45. Bxh5 Ng6 46. Kg1 Ne7
47. Be8 Nd8 48. Bc6 Ndxc6 49. dxc6 Nxc6 50. Kg2 d5 51. Nf3 Kg6 52. Ng1 d4 53.
cxd4 exd4 54. Ne2 c3 55. Bxf4 c2 56. Bd2 d3 57. Nf4+ Kf6 58. Nxd3 Kg6 59. Kg3
Nd4 60. Kf4 Kh5 61. Ke3 Nb3 62. Nc1 Nxc1 63. Bxc1 Kh4 64. Kd3 Kxh3 65. Kxc2
Kg2 66. Be3 Kf1 67. Kd3 Ke1 68. Kd4 Ke2 69. Ke5 Kd3 70. Kxf5 Kc3 71. Bc5 {#r}
1-0

[Event "Idaho Closed"]
[Site "Boise, ID"]
[Date "2010.02.14"]
[Round "4.20"]
[White "Abernathy, Michaela R"]
[Black "Min, William"]
[Result "0-1"]
[WhiteElo "887"]
[BlackElo "1140"]

1. f4 d5 2. Nf3 Nc6 3. e3 a6 4. b3 d4 5. Qe2 Bg4 6. Bb2 dxe3 7. dxe3 e6 8. Qf2
Nf6 9. Bd3 Nb4 10. Nc3 Qxd3 11. cxd3 Nxd3+ 12. Ke2 Nxf2 13. Kxf2 O-O-O 14. Ne5
Rd2+ 15. Kg3 Rxb2 16. Nxg4 Nxg4 17. Kxg4 Rxg2+ 18. Kf3 Rd2 19. Ne4 Rd7 20.
Rac1 Ba3 21. Rc2 f5 22. Ng5 Re7 23. Rd1 h6 24. Nh3 Rhe8 25. Nf2 e5 26. Rd5
exf4 27. exf4 Rd7 28. Rcd2 g5 29. fxg5 hxg5 30. Nh1 g4+ 31. Kg2 f4 32. Nf2 f3+
33. Kf1 Bb4 34. Rd1 Rde7 35. Nd3 Bd6 36. Rg5 Bxh2 37. Rxg4 Re2 38. a4 Rd8 39.
Rh4 Re3 40. Rxh2 Rexd3 41. Rb1 Rd1+ 42. Rxd1 Rxd1+ 43. Kf2 Rd2+ 44. Kg3 Rxh2
45. Kxh2 Kd7 46. Kg3 Kc6 47. b4 Kd5 48. b5 axb5 49. axb5 Kc5 50. Kxf3 Kxb5 51.
Ke3 Kb4 52. Kd3 c5 53. Kc2 Kc4 54. Kb2 Kd3 55. Kc1 c4 56. Kd1 c3 57. Kc1 c2
58. Kb2 Kd2 59. Ka2 c1=Q 60. Kb3 Qc5 61. Kb2 Qb4+ 62. Ka1 Qc3+ 63. Ka2 Qb4 64.
Ka1 Kc2 65. Ka2 Qb2# 0-1

[Event "Idaho Closed"]
[Site "Boise, ID"]
[Date "2010.02.15"]
[Round "5.9"]
[White "Abernathy, Caleb Patrick"]
[Black "Stark, Jim"]
[Result "0-1"]
[WhiteElo "1334"]
[BlackElo "1563"]

1. d4 d5 2. Nf3 e6 3. e3 Nf6 4. Bd3 a6 5. Nbd2 c5 6. b3 Nc6 7. c3 cxd4 8. exd4
Be7 9. Bb2 O-O 10. Qc2 h6 11. O-O b5 12. Ne5 Qc7 13. f4 Qb6 14. Ndf3 Bd6 15.
g4 Bxe5 16. Nxe5 Nxe5 17. fxe5 Nxg4 18. Qe2 h5 19. h3 Nh6 20. Qxh5 Nf5 21. Rf3
Qd8 22. Rf4 g6 23. Rg4 Ng7 24. Rxg6 fxg6 25. Qxg6 Qh4 26. Bc1 Qe1+ 27. Kh2
Rf2+ 28. Kg3 Rf6+ {#R} 0-1

[Event "Idaho Closed"]
[Site "Boise, ID"]
[Date "2010.02.15"]
[Round "5.20"]
[White "Pemsler, Carmen"]
[Black "Abernathy, Michaela R"]
[Result "1-0"]
[WhiteElo "860"]
[BlackElo "887"]

1. c4 e5 2. Nc3 Nf6 3. g3 Bb4 4. Bg2 d6 5. Qa4+ Nc6 6. Bxc6+ bxc6 7. Qxb4 c5
8. Qa4+ Bd7 9. Qc2 Bc6 10. e4 Qd7 11. d3 O-O 12. Bg5 Ne8 13. O-O-O a5 14. f4
f5 15. Nf3 fxe4 16. dxe4 h6 17. Nxe5 Qe6 18. Nxc6 hxg5 19. fxg5 Qd7 20. Ne5
Qe7 21. Ng6 Qxg5+ 22. Qd2 Qxg6 23. Qd5+ Kh8 24. Qxa8 Qg5+ 25. Kb1 Kh7 26. Qxa5
Qe3 27. Rhe1 Qh6 28. Re2 Qh5 29. Rde1 Kh8 30. e5 Qf5+ 31. Kc1 Qg5+ 32. Kc2
Qf5+ 33. Ne4 Qxe5 34. Nxc5 Qf5+ 35. Re4 dxc5 36. Qc3 Nd6 37. Qd3 Nxe4 38. Rxe4
Qf2+ 39. Re2 Qd4 40. a4 Rd8 41. Rd2 Qxd3+ 42. Rxd3 Re8 43. Rd7 Re2+ 44. Rd2
Re4 45. b3 Kh7 46. a5 Kh6 47. Rd8 Re2+ 48. Kc3 Rxh2 49. Rh8+ Kg5 50. Rxh2 Kg4
51. a6 Kxg3 52. Rd2 g5 53. a7 {#r} 1-0

[Event "Idaho Closed"]
[Site "Boise, ID"]
[Date "2010.02.15"]
[Round "6.13"]
[White "Patterson, Kevin R"]
[Black "Abernathy, Caleb Patrick"]
[Result "0-1"]
[WhiteElo "1184"]
[BlackElo "1334"]

1. e4 e5 2. Nf3 Nc6 3. Bc4 d6 4. c3 Bg4 5. d4 exd4 6. Bxf7+ Kd7 7. Ne5+ Nxe5
8. f3 Bh5 9. Bxh5 Qh4+ 10. Kf1 Qxh5 11. Qxd4 Be7 12. Bf4 Bf6 13. Nd2 Nxf3 14.
Qa4+ b5 15. Qd1 Nxd2+ 16. Qxd2 g5 17. Bg3 Rf8 18. Kg1 Qg6 19. Qe2 Re8 20.
Qxb5+ Ke7 21. e5 dxe5 22. Qc5+ Kf7 23. Qxc7+ Re7 24. Qc4+ Kg7 25. Qe2 Nh6 26.
h3 Rd8 27. Kh2 Qd3 28. Rae1 e4 29. Qd1 Nf5 30. Qg4 Qxg3+ 31. Qxg3 Nxg3 32.
Kxg3 Rd2 33. Rb1 e3 34. Kf3 Rf2+ {#R} 0-1

[Event "Idaho Closed"]
[Site "Boise, ID"]
[Date "2010.02.15"]
[Round "6.20"]
[White "Abernathy, Michaela R"]
[Black "Min, Michael"]
[Result "1-0"]
[WhiteElo "887"]
[BlackElo "404"]

1. e4 e5 2. Nf3 Nc6 3. Bb5 a6 4. Bxc6 dxc6 5. Nc3 Bd6 6. d4 Bb4 7. d5 cxd5 8.
exd5 Bxc3+ 9. bxc3 Bg4 10. O-O Nf6 11. Bg5 Qxd5 12. Bxf6 Bxf3 13. Qxd5 Bxd5
14. Bxe5 O-O-O 15. f3 Bc4 16. Rfe1 Rde8 17. Bxg7 Rxe1+ 18. Rxe1 Rd8 19. a3 Rg8
20. Bf6 b6 21. Re7 Rd8 22. Be5 Rd1+ 23. Kf2 Kd8 24. Rxc7 b5 25. Bf4 Rc1 26.
Rxc4 bxc4 27. Bxc1 Kc7 28. Ke3 Kb6 29. Kd4 Kb5 30. a4+ Kxa4 31. Kxc4 f5 32.
Kc5 Ka5 33. c4 f4 34. Bd2+ Ka4 35. Kb6 a5 36. c5 h5 37. c6 h4 38. c7 Ka3 39.
c8=Q h3 40. gxh3 a4 41. Kb5 Kb2 42. Kb4 a3 43. Qa8 a2 44. Qxa2+ Kxa2 45. c4
Kb2 46. c5 Kc2 47. c6 Kxd2 48. c7 Ke3 49. c8=Q Kxf3 50. Kc3 Kg2 51. Qg4+ Kh1
52. Kd3 f3 53. Ke3 Kxh2 54. Kxf3 Kh1 55. Qg2# 1-0

[Event "Sumr Classic (Open)"]
[Site "Boise, ID"]
[Date "2010.06.26"]
[Round "1.2"]
[White "Buckendorf Jr., Glen"]
[Black "Abernathy, Caleb Patrick"]
[Result "0-1"]
[WhiteElo "1800"]
[BlackElo "1384"]

1. e4 d5 2. exd5 Nf6 3. c4 c6 4. dxc6 Nxc6 5. Nf3 Bg4 6. Be2 Qd7 7. Nc3 e6 8.
O-O Bb4 9. Re1 Rd8 10. a3 Bxc3 11. bxc3 Ne4 12. d4 Nxc3 13. Qd3 Nxe2+ 14. Qxe2
Bxf3 15. Qxf3 Nxd4 16. Qc3 Nf5 17. Bb2 f6 18. g4 Nh4 19. Qe3 Kf7 20. Rad1 Qxd1
21. Qxe6+ Kg6 22. Qe4+ Kh6 23. Bc1+ g5 24. Bxg5+ Kxg5 25. f4+ Kxg4 26. f5+ Kg5
27. Rxd1 Rxd1+ 28. Kf2 Rhd8 29. Ke2 R8d2+ 30. Ke3 Re1+ {#R} 0-1

[Event "Sumr Classic (Open)"]
[Site "Boise, ID"]
[Date "2010.06.26"]
[Round "1.8"]
[White "Kircher, Caleb Paul"]
[Black "Abernathy, Michaela R"]
[Result "1-0"]
[WhiteElo "1668"]
[BlackElo "942"]

1. d4 d5 2. Nf3 Nc6 3. e3 Bg4 4. Nbd2 f6 5. h3 Bh5 6. Bb5 Qd6 7. a3 e5 8. g4
Bg6 9. c3 Nge7 10. Nh4 Be4 11. Nxe4 dxe4 12. Nf5 Nxf5 13. gxf5 O-O-O 14. Qe2
exd4 15. exd4 a6 16. Bc4 Na5 17. Be6+ Kb8 18. b4 Nc6 19. Be3 g6 20. O-O-O a5
21. Qb2 axb4 22. axb4 Be7 23. Qa3 b6 24. Qa6 Nxb4 25. cxb4 Qxb4 26. Rd2 Rd6
27. Rc2 Rhd8 28. Bf4 Qxd4 29. Bxd6 Qxd6 30. Bc4 Bf8 31. Qa4 Bh6+ 32. Kb2 Qd4+
33. Kb3 e3 34. Ra1 c5 35. Qa7+ Kc8 36. Be6+ Rd7 37. Qa8+ Kc7 38. Ra7+ Kd6 39.
Qb8+ Kc6 40. Bxd7+ Kd5 41. Be6+ Ke4 42. Rc4 Qxc4+ 43. Kxc4 {#r} 1-0

[Event "Sumr Classic (Open)"]
[Site "Boise, ID"]
[Date "2010.06.26"]
[Round "2.5"]
[White "Abernathy, Caleb Patrick"]
[Black "Pellam, Randall W"]
[Result "0-1"]
[WhiteElo "1384"]
[BlackElo "1936"]

1. Nf3 Nf6 2. g3 d5 3. Bg2 g6 4. O-O Bg7 5. d3 O-O 6. Bg5 h6 7. Bxf6 Bxf6 8.
c3 c6 9. Nbd2 Na6 10. e4 dxe4 11. Nxe4 Bg7 12. Qe2 Bg4 13. Rfe1 Bxf3 14. Bxf3
f5 15. Nd2 e5 16. Nc4 Re8 17. Qc2 Qc7 18. b4 Rad8 19. Rad1 Nb8 20. Re2 Rd7 21.
Bg2 Rde7 22. Rde1 Qd8 23. Kf1 Kh7 24. a3 b5 25. Na5 Qc7 26. c4 a6 27. cxb5
cxb5 28. Rc1 Rc8 29. Qc5 Qxc5 30. Rxc5 Rxc5 31. bxc5 Rd7 32. c6 Nxc6 33. Nxc6
Rxd3 34. Nxe5 Rd1+ 35. Re1 Rxe1+ 36. Kxe1 Bxe5 37. Bb7 a5 38. Bc6 b4 39. axb4
axb4 40. Bd5 Kg7 41. Ke2 Kf6 42. f4 Bc3 43. Kf3 g5 44. g4 fxg4+ 45. Kxg4 h5+
46. Kxh5 gxf4 47. Kg4 Ke5 48. Bb3 Ke4 49. Ba4 Ke3 50. h4 f3 51. h5 f2 52. Bb5
b3 {#R} 0-1

[Event "Sumr Classic (Open)"]
[Site "Boise, ID"]
[Date "2010.06.26"]
[Round "2.8"]
[White "Abernathy, Michaela R"]
[Black "Dominick, Matthew Thomas"]
[Result "0-1"]
[WhiteElo "942"]
[BlackElo "1369"]

1. e4 c5 2. Nf3 d6 3. d4 cxd4 4. Nxd4 Nf6 5. Nc3 a6 6. Bg5 e6 7. Nf3 Nbd7 8.
Bc4 Be7 9. O-O b5 10. Bb3 Bb7 11. Bxf6 Nxf6 12. e5 Bxf3 13. Qxf3 dxe5 14. Rad1
Qc8 15. Ne4 Nd7 16. Rd2 O-O 17. Rfd1 Rd8 18. Qh5 Qc6 19. Ng5 Bxg5 20. Qxg5 Qc7
21. Rd3 Nf6 22. c3 Rxd3 23. Rxd3 h6 24. Qd2 Ne4 25. Qe3 Nc5 26. Qd2 Nxd3 27.
Qxd3 Rd8 28. Qe4 Qd6 29. g3 Re8 30. Bc2 f5 31. Qe3 Re7 32. Bb3 Kf7 33. Qf3 Kf8
34. c4 Re8 35. cxb5 axb5 36. Qe2 b4 37. Qc4 Ke7 38. Ba4 Ra8 39. b3 Kd8 40.
Qh4+ Qe7 41. Qc4 Qd6 42. Qb5 Qd1+ 43. Kg2 Qd5+ 44. Qxd5+ exd5 45. Bc6 Ra5 46.
Kf3 Rc5 47. Bb7 Kd7 48. Ba6 Kd6 49. Ke3 Rc2 50. Bd3 Rxa2 51. Bxf5 Rb2 52. f4
Rxb3+ 53. Kd2 exf4 54. gxf4 Kc5 55. Be6 Rc3 56. Bf5 d4 57. Be4 b3 58. f5 b2
59. h4 Kb4 60. h5 Ka3 61. Bb1 {#R} 0-1

[Event "Sumr Classic (Open)"]
[Site "Boise, ID"]
[Date "2010.06.26"]
[Round "3.6"]
[White "Hill, Elijah Andrew"]
[Black "Abernathy, Caleb Patrick"]
[Result "0-1"]
[WhiteElo "876"]
[BlackElo "1384"]

1. d4 Nf6 2. c4 e6 3. Nc3 Bb4 4. Bd2 b6 5. a3 Bxc3 6. Bxc3 Bb7 7. e3 Qe7 8.
Nf3 Ne4 9. Bd3 d5 10. cxd5 Bxd5 11. Bxe4 Bxe4 12. O-O O-O 13. Nd2 Bd3 14. Re1
Nd7 15. Nf3 Be4 16. Rc1 Rfd8 17. Nd2 Bd3 18. f3 Nf6 19. Nf1 Bxf1 20. Rxf1 c5
21. Qa4 cxd4 22. Bxd4 Nd5 23. Rfd1 e5 24. e4 exd4 25. exd5 Rxd5 26. Re1 Re5
27. Rxe5 Qxe5 28. Qc6 Re8 29. Qe4 Qxe4 30. fxe4 f6 31. Rc7 Rxe4 32. Rxa7 d3
33. Rd7 Re2 34. Rxd3 Rxb2 35. h3 Kf7 36. Rd6 Rb3 37. Kf2 Ke7 38. Rd4 Rxa3 39.
Rb4 Ra6 40. Rg4 g6 41. Rh4 h5 42. Re4+ Kd6 43. Rd4+ Ke5 44. Rb4 g5 45. Kg3 h4+
46. Kf3 Ra3+ 47. Kf2 Ra6 48. Kf3 Kd5 49. Rb5+ Kc4 50. Rf5 b5 51. Ke4 Re6+ 52.
Kf3 b4 53. Kg4 Re4+ 54. Kf3 Rf4+ 55. Rxf4+ gxf4 56. Kxf4 b3 57. Kg4 b2 58.
Kxh4 b1=Q 59. Kh5 Qh7+ {#R} 0-1

[Event "Sumr Classic (Open)"]
[Site "Boise, ID"]
[Date "2010.06.26"]
[Round "3.9"]
[White "Buckendorf Jr., Glen"]
[Black "Abernathy, Michaela R"]
[Result "1/2-1/2"]
[WhiteElo "1800"]
[BlackElo "942"]

1. e4 e5 2. Nf3 Nc6 3. Bb5 d6 4. O-O Bd7 5. d4 Nxd4 6. Bxd7+ Qxd7 7. Nxd4 exd4
8. Qxd4 c5 9. Qd3 Nf6 10. Nc3 Be7 11. Bg5 Qc6 12. Rfe1 O-O 13. Re3 Rfe8 14.
Rh3 Rad8 15. Rd1 Qd7 16. Bxf6 Bxf6 17. e5 Bxe5 18. Qxh7+ Kf8 19. Qh8+ Ke7 20.
Qh4+ f6 21. Re1 Rh8 22. Nd5+ Kf7 23. Qc4 Qe6 24. f4 b5 25. Qe2 Bd4+ 26. Kf1
Qxe2+ 27. Rxe2 Rxh3 28. Re7+ Kg6 29. gxh3 Bxb2 30. Rxa7 Re8 31. Ra6 Re6 32.
Nc7 Re4 33. Rxd6 Rxf4+ 34. Kg2 b4 35. Nd5 Rd4 36. Ne7+ Kf7 37. Rxd4 Bxd4 38.
Nf5 g5 39. Nxd4 cxd4 40. Kf3 Ke6 41. Ke4 f5+ 42. Kxd4 f4 43. Ke4 Kd6 44. h4
gxh4 45. Kxf4 Kd5 46. Kg4 Kc4 47. Kxh4 Kc3 48. Kg3 Kxc2 49. h4 Kb2 50. h5 Kxa2
51. h6 b3 52. h7 b2 53. h8=Q b1=Q 54. Qa8+ Kb2 55. Qb7+ Kc1 56. Qc6+ Kb2 57.
Qf6+ Kc1 58. Qf4+ Kb2 59. Qd4+ Kc1 60. Qe3+ Kb2 61. Qd4+ Kc1 {#d} 1/2-1/2

[Event "Sumr Classic (Open)"]
[Site "Boise, ID"]
[Date "2010.06.27"]
[Round "4.4"]
[White "Douglas, Kurt P"]
[Black "Abernathy, Caleb Patrick"]
[Result "1-0"]
[WhiteElo "1691"]
[BlackElo "1384"]

1. e4 d5 2. exd5 Nf6 3. c4 c6 4. dxc6 Nxc6 5. Nf3 Bg4 6. Be2 Qd7 7. O-O e6 8.
Nc3 Bb4 9. a3 Bxc3 10. dxc3 O-O-O 11. Qxd7+ Rxd7 12. Be3 e5 13. h3 Bxf3 14.
Bxf3 e4 15. Be2 b6 16. Rfd1 Rhd8 17. Rxd7 Rxd7 18. Rd1 Rxd1+ 19. Bxd1 Ne5 20.
c5 Nd5 21. cxb6 axb6 22. Bd4 Nd3 23. c4 Nf6 24. Kf1 Ne8 25. Bc2 Nd6 26. b3 b5
27. Bxd3 exd3 28. c5 Ne4 29. Ke1 f6 30. f3 Ng3 31. Kd2 Ne2 32. Be3 {#r} 1-0

[Event "Sumr Classic (Open)"]
[Site "Boise, ID"]
[Date "2010.06.27"]
[Round "5.5"]
[White "Abernathy, Caleb Patrick"]
[Black "Furlow, Blake"]
[Result "1-0"]
[WhiteElo "1384"]
[BlackElo "1529"]

1. d4 Nf6 2. Nf3 e6 3. e3 c5 4. c3 Nc6 5. Bd3 Be7 6. Nbd2 d5 7. b3 O-O 8. O-O
Re8 9. Ne5 Qc7 10. f4 c4 11. bxc4 dxc4 12. Ndxc4 Nd5 13. Qc2 b5 14. Nxc6 Qxc6
15. Ne5 Qxc3 16. Qxc3 Nxc3 17. Bd2 Bb4 18. Bxb5 Nxb5 19. Bxb4 Rb8 20. Rab1 f6
21. Nf3 Ba6 22. Rfc1 Rec8 23. Rxc8+ Rxc8 24. a4 Nc3 25. Bxc3 Rxc3 26. Rb8+ Kf7
27. Ra8 Rc7 28. Nd2 Bb7 29. Rxa7 Re7 30. a5 Bd5 31. Rxe7+ Kxe7 32. Kf2 Kd7 33.
e4 Bb7 34. Ke3 Kc6 35. g4 Kb5 36. h4 Kxa5 37. Nc4+ Kb4 38. Nd6 Bc6 39. f5 e5
40. dxe5 fxe5 41. Nf7 Kc5 42. Nxe5 Bb5 43. Nd3+ Kd6 44. Kd4 Ba4 45. e5+ Ke7
46. Nf4 h6 47. Nd5+ Ke8 48. f6 gxf6 49. Nxf6+ Kf7 50. Ke4 Bc2+ 51. Kf4 Bd3 52.
g5 hxg5+ 53. hxg5 Bc2 54. Ng4 Ke6 55. Nh2 Bd1 56. Ng4 Bc2 57. Ne3 Bd3 58. Ng2
Bg6 59. Nh4 Bd3 60. g6 Bc2 61. g7 Kf7 62. Nf5 Bb3 63. Kg5 Kg8 64. Kf6 Bc4 65.
Ne7+ Kh7 {#r} 1-0

[Event "Sumr Classic (Open)"]
[Site "Boise, ID"]
[Date "2010.06.27"]
[Round "5.9"]
[White "Patterson, Kevin R"]
[Black "Abernathy, Michaela R"]
[Result "0-1"]
[WhiteElo "1310"]
[BlackElo "942"]

1. e4 e5 2. Nf3 Nc6 3. Bc4 d6 4. d3 Bg4 5. Nc3 Nf6 6. Nd5 Nxd5 7. Bxd5 Qd7 8.
h3 Be6 9. Bxe6 Qxe6 10. O-O Be7 11. Re1 O-O 12. c3 Rad8 13. d4 exd4 14. cxd4
d5 15. e5 Qd7 16. Bg5 f6 17. exf6 Bxf6 18. Bxf6 Rxf6 19. Qc2 Rg6 20. g4 Rf8
21. Qe2 Rxg4+ 22. hxg4 Qxg4+ 23. Kf1 Rxf3 24. Qe8+ Rf8 25. Qe6+ Qxe6 26. Rxe6
Nxd4 27. Re7 Rc8 28. Rae1 Kf8 29. Rd7 h5 30. Rxd5 Nc2 31. Rf5+ Kg8 32. Re7 Nb4
33. Rxh5 Nxa2 34. Ra5 Kf8 35. Ree5 Nb4 36. Rf5+ Ke7 37. Rxa7 b6 38. Ra3 Ke6
39. Raf3 Nc6 40. Rh5 Nd4 41. Re3+ Kf6 42. Rd3 g6 43. Rh7 c5 44. Rb7 Rc6 45.
Ra7 Ke5 46. Re3+ Kd5 47. Rd7+ Kc4 48. Rc3+ Kb5 49. b3 Re6 50. Re3 Rxe3 51.
fxe3 Nxb3 52. Ke2 Kc4 53. e4 Nd4+ 54. Ke3 Nf5+ 55. Kd2 b5 56. Rf7 Nd6 57. Rf6
Nxe4+ {#R} 0-1

[Event "WIO (Open)"]
[Site "Boise, ID"]
[Date "2010.12.11"]
[Round "1.6"]
[White "Roland, Jeffrey T"]
[Black "Abernathy, Caleb Patrick"]
[Result "1/2-1/2"]
[WhiteElo "1724"]
[BlackElo "1512"]

1. d4 e6 2. c4 Nf6 3. Nf3 b6 4. g3 Bb7 5. Bg2 c5 6. O-O cxd4 7. Nxd4 Bxg2 8.
Kxg2 Bc5 9. e3 O-O 10. Nc3 d5 11. cxd5 Nxd5 12. Nb3 Nxc3 13. Qxd8 Rxd8 14.
Nxc5 bxc5 15. bxc3 Nc6 16. Ba3 c4 17. Rfd1 Rd3 18. Rxd3 cxd3 19. Rd1 Rd8 20.
f4 Na5 21. Bc5 Nc4 22. Bd4 d2 23. Kf2 Rb8 24. Bxa7 Rb2 25. Ke2 Rc2 26. Bd4 f6
27. e4 Rxa2 28. Be3 Rc2 29. Bxd2 Nxd2 30. Kd3 Rxc3+ 31. Kxc3 Nxe4+ 32. Kc4 Kf7
33. Rd4 Nf2 34. Rd7+ Kg6 35. Re7 Ng4 36. h3 Nf2 37. Rxe6 Nxh3 38. Kd4 h5 39.
Re2 Kf5 40. Re7 g6 41. Kd5 Nf2 42. Re3 Ng4 43. Rf3 Nh6 44. Re3 g5 45. fxg5
Kxg5 46. Ke6 Nf5 47. Rd3 Kg4 48. Kxf6 Nxg3 49. Rd4+ Kf3 50. Kg5 Ke3 51. Ra4
Ne4+ 52. Kxh5 Kf4 53. Kh4 Kf5 54. Kh3 Kf4 55. Kg2 Ke3 56. Ra3+ Kf4 57. Rb3 Kg4
58. Rf3 Nd2 59. Rf8 Ne4 60. Ra8 Kf4 61. Rf8+ Ke3 62. Re8 {#d} 1/2-1/2

[Event "WIO (Open)"]
[Site "Boise, ID"]
[Date "2010.12.11"]
[Round "2.5"]
[White "Abernathy, Caleb Patrick"]
[Black "McGarvey, James H"]
[Result "1-0"]
[WhiteElo "1512"]
[BlackElo "1656"]

1. d4 Nf6 2. Nf3 d5 3. e3 c5 4. c3 Bg4 5. b3 e6 6. Bd3 Nc6 7. a3 Bd6 8. Nbd2
O-O 9. Qc2 Rc8 10. dxc5 Bxc5 11. Bb2 e5 12. Bf5 Bxf5 13. Qxf5 e4 14. Nd4 Ne7
15. Qh3 Ng6 16. O-O Ne5 17. b4 Bd6 18. Nf5 Bb8 19. c4 Nxc4 20. Nxc4 dxc4 21.
Rad1 Qb6 22. Bd4 Qe6 23. Bc5 Rfe8 24. Bd6 c3 25. Bxb8 Rxb8 26. Nd4 Qxh3 27.
gxh3 Rbc8 28. Nb5 c2 29. Rc1 Nd5 30. Nd6 Nc3 31. Rxc2 {#r} 1-0